00424nam a22001457a 450000500170000000800410001702000150005804100120007308200120008510000120009724500610010926000500017030000330022065000250025320240925141457.0240925b |||||||| |||| 00| 0 eng d a0409006033 aEnglish a348 SOU lEnglish aThe South African Encyclopaedia of Forms and Precedents  aDurban: bButterworth and Company Ltd, c1984 bxlviii, 379 pages; c26 cm.  aLegal practice bLaw